[Event "NZ Junior 2011"]
[Site "?"]
[Date "2011.07.28"]
[Round "6.9"]
[White "Zhan, Judd"]
[Black "Jiang, Rocky"]
[Result "1-0"]
[WhiteElo "1533"]
[BlackElo "1070"]
[PlyCount "119"]
[EventDate "2011.07.29"]
[SourceDate "2011.07.29"]

1. e4 c5 2. Nf3 e6 3. d4 cxd4 4. Nxd4 a6 5. Nc3 Qc7 6. Be3 Nf6 7. f3 Bb4 8. Bd2
O-O 9. a3 Be7 10. Bd3 e5 11. Nb3 b5 12. Qe2 Nc6 13. O-O-O Rb8 14. Be3 Rd8 15.
Rhe1 d5 16. Nxd5 Nxd5 17. exd5 Rxd5 18. Be4 Rxd1+ 19. Rxd1 Be6 20. Qd3 g6 21.
Nc5 Bxc5 22. Bxc5 f5 23. Bxc6 Qxc6 24. Bb4 Kg7 25. Bd6 Bc4 26. Bxe5+ Kg8 27.
Qd7 Qxd7 28. Rxd7 Re8 29. Bc3 Re2 30. Rg7+ Kf8 31. Rxh7 Rxg2 32. Rh8+ Kf7 33.
Rh7+ Ke6 34. Rg7 Be2 35. f4 Kd5 36. Kd2 Ke4 37. Re7+ Kf3 38. Re3+ Kf2 39. Rxe2+
Kg1 40. Rxg2+ Kxg2 41. Be5 Kxh2 42. Kc3 Kh3 43. Kb4 Kh4 44. Ka5 g5 45. Kxa6 g4
46. Kxb5 g3 47. a4 g2 48. Bd4 Kg4 49. a5 Kxf4 50. Bg1 Kf3 51. a6 Ke2 52. a7 Kf1
53. Bd4 f4 54. a8=Q Ke2 55. Qxg2+ Kd1 56. Qf3+ Kc1 57. Qxf4+ Kb1 58. Qf1+ Ka2
59. b3 Ka3 60. Qa1# 1-0

[Event "NZ Junior 2011"]
[Site "?"]
[Date "2011.07.28"]
[Round "6.10"]
[White "Zhu, Martin"]
[Black "Fan, Allen"]
[Result "1-0"]
[WhiteElo "1173"]
[BlackElo "1153"]
[PlyCount "73"]
[EventDate "2011.07.29"]
[SourceDate "2011.07.29"]

1. e4 e6 2. d4 d5 3. exd5 exd5 4. Be2 Nf6 5. Nf3 Nc6 6. O-O Be7 7. Be3 h6 8.
Nc3 O-O 9. Ne5 Bd6 10. Nxc6 bxc6 11. Na4 Rb8 12. c4 Bf5 13. c5 Be7 14. b3 Re8
15. Nb2 Nd7 16. Bd3 Bxd3 17. Nxd3 Bf6 18. Qf3 Bg5 19. Rae1 Qf6 20. Qg3 Qd8 21.
Bxg5 hxg5 22. Rxe8+ Qxe8 23. Qxg5 Nf6 24. Ne5 Ne4 25. Qe3 f6 26. Nd3 Ng5 27.
Qxe8+ Rxe8 28. Nb4 Re2 29. Nxc6 Rxa2 30. Ne7+ Kf7 31. Nxd5 c6 32. Nb4 Rb2 33.
Nxc6 Rxb3 34. Nxa7 Rd3 35. c6 Ne6 36. Rc1 Nc7 37. Rb1 {Black resigns} 1-0

[Event "NZ Junior 2011"]
[Site "?"]
[Date "2011.07.28"]
[Round "6.11"]
[White "Zhu, Crystal"]
[Black "Chen, Catherin"]
[Result "0-1"]
[WhiteElo "1155"]
[BlackElo "1077"]
[PlyCount "60"]
[EventDate "2011.07.29"]
[SourceDate "2011.07.29"]

1. e4 e5 2. Nf3 Nc6 3. d4 d6 4. d5 Nb8 5. Nc3 g6 6. Bd3 Bg7 7. O-O Bg4 8. h3
Bxf3 9. Qxf3 Nf6 10. Bg5 O-O 11. Qe3 c6 12. Qf3 Nbd7 13. a4 Qb6 14. b3 cxd5 15.
Bxf6 Nxf6 16. Nxd5 Nxd5 17. exd5 e4 18. Qxe4 Bxa1 19. Rxa1 Rae8 20. a5 Qc5 21.
b4 Qc3 22. Qc4 Qxa1+ 23. Kh2 Qe5+ 24. f4 Qf6 25. g3 Rc8 26. Qb3 Qc3 27. Qxc3
Rxc3 28. g4 f6 29. f5 Kg7 30. fxg6 hxg6 {White resigns} 0-1

[Event "NZ Junior 2011"]
[Site "?"]
[Date "2011.07.28"]
[Round "6.12"]
[White "James, Jack"]
[Black "Gong, Daniel"]
[Result "1-0"]
[WhiteElo "1784"]
[BlackElo "817"]
[PlyCount "87"]
[EventDate "2011.07.29"]
[SourceDate "2011.07.29"]

1. e4 c5 2. Nc3 Nc6 3. f4 d6 4. Nf3 Nf6 5. Bc4 e6 6. d3 Be7 7. a3 O-O 8. O-O a6
9. Qe1 b5 10. Ba2 Bb7 11. Qg3 Kh8 12. f5 exf5 13. exf5 h6 14. Qh3 Kg8 15. Nh4
Ne5 16. Ng6 Nxg6 17. fxg6 c4 18. dxc4 fxg6 19. cxb5+ Kh7 20. g4 axb5 21. g5
Qb6+ 22. Be3 Bc8 23. Be6 Bxe6 24. Qxe6 Qb7 25. gxf6 gxf6 26. Nxb5 Rae8 27. Nxd6
Bxd6 28. Qxd6 Qxb2 29. Qd7+ Kg8 30. Bxh6 Rf7 31. Qxe8+ Kh7 32. Qxf7+ Kxh6 33.
Qxf6 Qxc2 34. Qh8+ Kg5 35. h4+ Kg4 36. Qd4+ Kh5 37. Qd1+ Qxd1 38. Raxd1 Kxh4
39. Rd2 Kh5 40. Rh2+ Kg5 41. Rg2+ Kh6 42. Rf6 Kg7 43. Rgxg6+ Kh7 44. Rg5 {
Black resigns} 1-0

[Event "NZ Junior 2011"]
[Site "?"]
[Date "2011.07.28"]
[Round "6.14"]
[White "Yan, Sarah"]
[Black "Chen, Johnson"]
[Result "0-1"]
[WhiteElo "920"]
[BlackElo "1511"]
[PlyCount "94"]
[EventDate "2011.07.29"]
[SourceDate "2011.07.29"]

1. e4 e5 2. Nf3 Nc6 3. d4 exd4 4. Bc4 h6 5. O-O Bc5 6. c3 dxc3 7. Nxc3 Nge7 8.
Bf4 O-O 9. Re1 d6 10. Nh4 Bd7 11. Qf3 Nd4 12. Qd3 Nec6 13. Be3 Qxh4 14. g3 Nf3+
15. Kf1 Qh3+ 16. Ke2 Nxe1 17. Rxe1 Bg4+ 18. Kd2 Bxe3+ 19. Qxe3 Ne5 20. b3 Nf3+
21. Kd3 Nxe1+ 22. Qxe1 Be6 23. Bxe6 Qxe6 24. h4 c6 25. Qe3 Qg6 26. Qf4 d5 27.
f3 dxe4+ 28. Nxe4 Rad8+ 29. Ke3 Rfe8 30. g4 Qe6 31. h5 Qd5 32. Ke2 Qd1+ 33. Ke3
Rd3+ 34. Kf2 Qc2+ 35. Kg3 Qe2 36. a4 Rxe4 37. Qf5 Qe1+ 38. Kh3 Qf1+ 39. Kg3
Qg1+ 40. Kh3 Qf1+ 41. Kg3 Re8 42. b4 Qe1+ 43. Kh3 Rd2 44. Qf4 Qf1+ 45. Kg3 Rg2+
46. Kh4 Qh1+ 47. Qh2 Qxh2# 0-1

[Event "NZ Junior 2011"]
[Site "?"]
[Date "2011.07.28"]
[Round "6.15"]
[White "Lim, Arvin"]
[Black "Wang, George"]
[Result "0-1"]
[WhiteElo "874"]
[BlackElo "1485"]
[PlyCount "126"]
[EventDate "2011.07.29"]
[SourceDate "2011.07.29"]

1. e4 c5 2. Nf3 d6 3. d4 cxd4 4. Nxd4 Nf6 5. Nc3 g6 6. Be2 Bg7 7. O-O Nc6 8.
Be3 O-O 9. h3 a6 10. f4 Qb6 11. b3 Nxe4 12. Nd5 Qd8 13. Bf3 Bxd4 14. Bxd4 Nxd4
15. Qxd4 Nc5 16. Rfe1 Ne6 17. Qe3 Re8 18. Nb6 Rb8 19. Bd5 Nc5 20. Nxc8 Qxc8 21.
b4 Nd7 22. Qb3 e6 23. Bc4 d5 24. Bd3 Qd8 25. g4 Qf6 26. f5 Qd4+ 27. Kh1 Qg7 28.
fxe6 fxe6 29. c4 dxc4 30. Bxc4 Nf8 31. Rad1 Qe7 32. Rd2 b5 33. Bd5 Qf7 34. Bc6
Red8 35. Rde2 Rd6 36. Bg2 Rbb6 37. Rf1 Qe7 38. Bd5 Qd7 39. Bg2 Rd3 40. Qc2 Rbd6
41. Ree1 R6d4 42. Re4 Rxe4 43. Bxe4 Rd2 44. Qb1 Qd6 45. Bg2 Kg7 46. Qa1+ Qd4
47. Qxd4+ Rxd4 48. a3 e5 49. Re1 Nd7 50. Bc6 Kf6 51. Bxd7 Rxd7 52. Kg2 Rd3 53.
Rf1+ Ke6 54. Rf3 e4 55. Rxd3 exd3 56. Kf2 g5 57. Ke3 Ke5 58. Kxd3 Kf4 59. Ke2
Kg3 60. Ke3 Kxh3 61. Kf3 Kh4 62. Ke4 Kxg4 63. Kd5 h5 {White resigns} 0-1

[Event "NZ Junior 2011"]
[Site "?"]
[Date "2011.07.28"]
[Round "6.16"]
[White "Geng, Karen"]
[Black "Fan, Cathy"]
[Result "1/2-1/2"]
[WhiteElo "1279"]
[BlackElo "1334"]
[PlyCount "169"]
[EventDate "2011.07.29"]
[SourceDate "2011.07.29"]

1. d4 c5 2. c3 cxd4 3. cxd4 Nf6 4. Bf4 d6 5. Nf3 g6 6. e3 Bg7 7. Bd3 O-O 8. Nc3
Bd7 9. Qc2 Nc6 10. e4 Nh5 11. Bg3 Nxd4 12. Nxd4 Bxd4 13. Qd2 Bg7 14. Be2 Nf6
15. O-O Bc6 16. Bd3 a6 17. Rac1 Rc8 18. Rc2 Nd7 19. Rfc1 Nc5 20. b4 Nxd3 21.
Qxd3 Qd7 22. h3 Bh6 23. f4 Bg7 24. e5 dxe5 25. Qxd7 Bxd7 26. fxe5 Bf5 27. Rf2
Rfd8 28. Bf4 Rd3 29. Ne2 Rxc1+ 30. Nxc1 Rd5 31. Re2 Rd4 32. Bd2 Rd5 33. Bc3
Rd1+ 34. Re1 Rxe1+ 35. Bxe1 Bxe5 36. Nb3 Be6 37. Nc5 Bd4+ 38. Bf2 Bxc5 39. Bxc5
Bxa2 40. Bxe7 f5 41. Kf2 Kf7 42. Bc5 Ke6 43. Ke3 Kd5 44. Kf4 Kc6 45. Kg5 Bc4
46. Kh6 Bf1 47. Kxh7 Bxg2 48. Kxg6 Bxh3 49. Kg5 b6 50. Bf8 a5 51. bxa5 bxa5 52.
Kf4 Kb5 53. Ke3 Kc4 54. Bd6 Kb3 55. Kd2 a4 56. Kc1 Bg2 57. Kb1 Be4+ 58. Ka1 Bc6
59. Bf4 Kc3 60. Ka2 Bd5+ 61. Ka3 Bb3 62. Be5+ Kd3 63. Bc3 {Very funny} f4 64.
Be5 f3 65. Bg3 Ke3 66. Bh4 f2 67. Bxf2+ Kxf2 68. Kb4 Ke3 69. Ka3 Kd3 70. Kb2
Kd2 71. Ka1 Kc3 72. Kb1 Bc2+ 73. Ka1 a3 74. Ka2 Kb4 75. Ka1 Ka4 76. Ka2 Bf5 77.
Ka1 Be6 78. Kb1 a2+ 79. Ka1 Kb4 80. Kb2 Kc5 81. Ka1 Kd4 82. Kb2 Kd3 83. Ka1 Kd2
84. Kb2 a1=Q+ 85. Kxa1 {Draw ( agreed )} 1/2-1/2

[Event "NZ Junior 2011"]
[Site "?"]
[Date "2011.07.28"]
[Round "6.17"]
[White "Yan, Caroline"]
[Black "Simmons, Joshua"]
[Result "1-0"]
[WhiteElo "957"]
[BlackElo "808"]
[PlyCount "81"]
[EventDate "2011.07.29"]
[SourceDate "2011.07.29"]

1. e4 e5 2. Nf3 Nc6 3. d4 Nxd4 4. Nxd4 exd4 5. Qxd4 b6 6. Bc4 c5 7. Qd5 Qe7 8.
Qxa8 Qd8 9. Qxa7 Nf6 10. Nc3 Qe7 11. O-O d5 12. Qxe7+ Bxe7 13. Bxd5 O-O 14. Bf4
Ba6 15. Rfe1 Nxd5 16. Nxd5 Bf6 17. Nxf6+ gxf6 18. Rad1 b5 19. Bh6 Rb8 20. Re3
c4 21. Rg3+ Kh8 22. Rd7 b4 23. Rxf7 c3 24. b3 Bb7 25. f3 Ba6 26. Rxf6 Bd3 27.
Bg7+ Kg8 28. Bh6+ Kh8 29. cxd3 c2 30. Bc1 Rg8 31. Rxg8+ Kxg8 32. e5 h5 33. e6
Kg7 34. Rf4 h4 35. Bb2+ Kg8 36. e7 h3 37. e8=Q+ Kh7 38. Qe7+ Kh6 39. Rf6+ Kh5
40. Qg7 Kh4 41. Qg4# 1-0

[Event "NZ Junior 2011"]
[Site "?"]
[Date "2011.07.28"]
[Round "6.18"]
[White "Zhang, Jasmine"]
[Black "Dong, Olivia"]
[Result "0-1"]
[WhiteElo "712"]
[BlackElo "1167"]
[PlyCount "70"]
[EventDate "2011.07.29"]
[SourceDate "2011.07.29"]

1. e4 c5 2. Nf3 d6 3. Bc4 Nf6 4. d3 g6 5. Be3 Bg7 6. Nc3 O-O 7. Qd2 Ng4 8. Bf4
Re8 9. Ng5 e6 10. h3 Nf6 11. Nf3 d5 12. Bb5 Bd7 13. Bxd7 Qxd7 14. Qc1 d4 15.
Ne2 Nc6 16. Bh6 Bh8 17. g4 e5 18. Rg1 b5 19. Nh2 Ne7 20. h4 c4 21. h5 cxd3 22.
cxd3 Rac8 23. Qg5 Qc7 24. hxg6 Nxg6 25. Rg3 Qa5+ 26. Kf1 Rc2 27. Rf3 Re6 28.
Ng3 Rxb2 29. Nh5 Qa6 30. Rf5 b4 31. Nf3 Qxd3+ 32. Kg2 Qe2 33. Nxf6+ Bxf6 34.
Rxf6 Qxf2+ 35. Kh3 Qg2# 0-1

[Event "NZ Junior 2011"]
[Site "?"]
[Date "2011.07.28"]
[Round "6.20"]
[White "Lin, Anna"]
[Black "Li, Rodney"]
[Result "1/2-1/2"]
[WhiteElo "1001"]
[BlackElo "790"]
[PlyCount "74"]
[EventDate "2011.07.29"]
[SourceDate "2011.07.29"]

1. e4 c5 2. Nc3 Nf6 3. g3 b6 4. Bg2 Bb7 5. f4 g6 6. d3 d6 7. Nf3 Bg7 8. O-O d5
9. e5 Nfd7 10. Ne2 f6 11. h3 fxe5 12. fxe5 Nxe5 13. Nxe5 Bxe5 14. Bf4 Bg7 15.
c3 O-O 16. Bg5 Nc6 17. Nf4 Qd7 $2 18. Bxd5+ Kh8 19. Bg2 Kg8 $6 {
Apparently an offer of repetition - but White is hardly likely to accept.} 20.
Qe2 e5 21. Nd5 Rxf1+ 22. Rxf1 Rf8 23. Bf6 Ba6 24. Bxg7 Kxg7 25. Rxf8 Kxf8 26.
Qf2+ Qf7 27. Qxf7+ Kxf7 28. Be4 Ne7 29. Ne3 Kf6 30. g4 h6 31. Kg2 g5 32. Kg3
Ke6 33. h4 Kd6 34. hxg5 hxg5 35. Nf5+ Ke6 36. Kf3 Kd7 37. Nh6 Ke8 {Draw agreed}
1/2-1/2

[Event "NZ Junior 2011"]
[Site "?"]
[Date "2011.07.29"]
[Round "7.1"]
[White "Jia, Hao"]
[Black "Li, Luke"]
[Result "0-1"]
[WhiteElo "1781"]
[BlackElo "2223"]
[PlyCount "106"]
[EventDate "2011.07.29"]
[SourceDate "2011.07.29"]

1. e4 e6 2. d4 d5 3. exd5 exd5 4. c4 Nf6 5. Nc3 Bb4 6. Nf3 O-O 7. Bd3 Re8+ 8.
Be3 Ne4 9. Qc2 Bf5 10. O-O Bxc3 11. bxc3 dxc4 12. Bxc4 Ng3 13. Qb3 Nxf1 14.
Bxf7+ Kh8 15. Bg5 Nd2 16. Bxd8 Nxb3 17. Bxe8 Nxa1 18. Ba4 Na6 19. Bg5 c6 20.
Ne1 Re8 21. Kf1 b5 22. Bb3 Nxb3 23. axb3 Be6 24. f3 Bxb3 25. Kf2 b4 26. cxb4
Nxb4 27. Bf4 Rxe1 28. Kxe1 Nd3+ 29. Kd2 Nxf4 30. g3 Nd5 31. f4 a5 32. Kc1 a4
33. Kb2 Ne3 34. h3 Nf5 35. Kc3 Nxg3 36. h4 Ne2+ 37. Kb2 Nxf4 38. Ka3 Ne6 39. d5
cxd5 40. Kb2 d4 41. Kc1 d3 42. Kd2 Bc2 43. Kc3 a3 44. Kd2 a2 45. Kc3 a1=Q+ 46.
Kb4 Qd4+ 47. Kb5 Ba4+ 48. Ka5 d2 49. h5 Qc5+ 50. Ka6 Bb5+ 51. Kb7 Qc6+ 52. Kb8
Qc7+ 53. Ka8 Bc6# 0-1

[Event "NZ Junior 2011"]
[Site "?"]
[Date "2011.07.29"]
[Round "7.2"]
[White "Li, William"]
[Black "Gao, Hans"]
[Result "1-0"]
[WhiteElo "1975"]
[BlackElo "2124"]
[Annotator "E Green"]
[PlyCount "57"]
[EventDate "2011.07.29"]
[SourceDate "2011.07.29"]

1. e4 Nf6 2. Nc3 d6 3. d4 g6 4. Bd3 Bg7 5. Nge2 O-O 6. f3 c5 7. d5 Nbd7 8. f4
a6 9. Ng3 b5 10. O-O c4 11. Be2 Qb6+ 12. Kh1 Bb7 13. Bf3 {Now Black starts to
play with the wrong pieces, in the wrong area of the board...} Rfc8 $6 14. Nce2
h5 $6 15. h4 Ne8 $2 16. f5 {Now White is equal or better...} Ne5 {
The split centre turns the tide in White's favour...} 17. fxg6 fxg6 18. Nf4 Bf6
19. Ne6 Nxf3 $2 (19... Bxh4 $5 {might have survived for Black} 20. Bxh5 $1 $16)
20. Qxf3 Ng7 21. Nxg7 Kxg7 22. Be3 Qc7 23. Ne2 Rf8 $2 ({
Black's last chance is to prevent the white queen's domination:} 23... Qd7 $5
24. Nf4 Qg4 25. Ne6+ Kh8 26. Qxg4 hxg4 27. Bg5 $5 {
is very close to winning for White.}) 24. Nf4 Bc8 $6 25. Qg3 {
Absolutely crushing for White} Rg8 26. Qxg6+ Kf8 27. Ne6+ Bxe6 28. Bh6+ Rg7 29.
Bxg7+ {Black resigns} 1-0

[Event "NZ Junior 2011"]
[Site "?"]
[Date "2011.07.29"]
[Round "7.3"]
[White "Huang, Alex"]
[Black "Zhang, Leo"]
[Result "1-0"]
[WhiteElo "2028"]
[BlackElo "1554"]
[PlyCount "93"]
[EventDate "2011.07.29"]
[SourceDate "2011.07.29"]

1. d4 Nf6 2. c4 c5 3. d5 b5 4. Nf3 g6 5. a4 b4 6. Nbd2 Bg7 7. e4 d6 8. h3 Nbd7
9. Bd3 O-O 10. O-O Qc7 11. Re1 Nh5 12. Nf1 Bb7 13. g4 Nhf6 14. Bf4 Ne8 15. Qd2
a5 16. Bh6 e6 17. Bxg7 Kxg7 18. Ng3 exd5 19. exd5 Nef6 20. Qg5 Kh8 21. Re7 Rae8
22. Qxf6+ Nxf6 23. Rxc7 Rb8 24. Re1 Kg7 25. Ng5 h6 26. Ne6+ Kg8 27. Nxf8 Kxf8
28. Ree7 Kg8 29. Rxb7 Rxb7 30. Rxb7 Ne8 31. Ne4 Kf8 32. Rd7 h5 33. Nxd6 Nxd6
34. Rxd6 Ke7 35. Ra6 hxg4 36. Rxa5 Kd6 37. Ra6+ Kd7 38. hxg4 g5 39. Bf5+ Kc7
40. d6+ Kb7 41. Ra8 Kxa8 42. d7 Kb7 43. d8=Q f6 44. Be4+ Ka7 45. Qc7+ Ka6 46.
Bc6 f5 47. Bb5# 1-0

[Event "NZ Junior 2011"]
[Site "?"]
[Date "2011.07.29"]
[Round "7.4"]
[White "Chen, Catherin"]
[Black "Zhang, William"]
[Result "0-1"]
[WhiteElo "1077"]
[BlackElo "1667"]
[PlyCount "64"]
[EventDate "2011.07.29"]
[SourceDate "2011.07.29"]

1. e4 c5 2. Nf3 {(=)} Nc6 3. Nc3 {(=)} d6 4. Bb5 Bd7 5. O-O g6 6. b3 Bg7 7. Bb2
a6 8. Bxc6 Bxc6 9. Re1 b5 10. d4 cxd4 11. Nxd4 Bb7 12. a4 b4 13. Nde2 $4 bxc3
14. Nxc3 Rc8 15. Re3 Nf6 16. Ba3 Rxc3 17. Qd4 $2 Nh5 18. e5 Rxe3 19. Qxe3 Bxe5
20. c3 Qc7 21. Bb2 O-O 22. Rc1 Qc6 23. Qf3 Nf4 24. Kf1 Qxf3 25. gxf3 Nd3 26.
Rc2 Nxb2 27. Rxb2 Bxc3 28. Rc2 Rc8 29. Kg2 Bh8 30. Re2 Kf8 31. Re3 Rc2 32. Rd3
a5 {White resigns} 0-1

[Event "NZ Junior 2011"]
[Site "?"]
[Date "2011.07.29"]
[Round "7.5"]
[White "Li, Jiapeng"]
[Black "Zhan, Judd"]
[Result "1/2-1/2"]
[WhiteElo "1662"]
[BlackElo "1533"]
[PlyCount "48"]
[EventDate "2011.07.29"]
[SourceDate "2011.07.29"]

1. e4 c5 2. Nf3 d6 3. Bb5+ Bd7 4. Bxd7+ Nxd7 5. Nc3 Ngf6 6. d3 g6 7. h3 Bg7 8.
Be3 O-O 9. Qd2 Re8 10. Bh6 Bh8 11. O-O a6 12. a4 Rb8 13. Rab1 e6 14. Bg5 Qc7
15. Bf4 b5 16. axb5 axb5 17. b3 Red8 18. Rfe1 Nh5 19. Bh2 b4 20. Ne2 Rb6 21.
Qd1 Nhf6 22. Bf4 Ne5 23. Nxe5 dxe5 24. Bg5 Bg7 {Draw agreed} 1/2-1/2

[Event "NZ Junior 2011"]
[Site "?"]
[Date "2011.07.29"]
[Round "7.6"]
[White "Zhu, Karl"]
[Black "Kong-Lim, Qi Le"]
[Result "1/2-1/2"]
[WhiteElo "1488"]
[BlackElo "1535"]
[Annotator "E Green"]
[PlyCount "132"]
[EventDate "2011.07.29"]
[SourceDate "2011.07.29"]

1. e4 e6 2. d4 d5 3. Nc3 Bb4 4. e5 Ne7 5. Qg4 c5 6. a3 Qa5 7. Bd2 cxd4 8. Qxd4
Nbc6 9. Qg4 d4 10. Ne4 Bxd2+ 11. Nxd2 O-O 12. Ne2 Nxe5 13. Qxd4 Rd8 14. Qc3
Qxc3 15. Nxc3 b6 16. f4 N5g6 17. g3 Bb7 18. Rg1 Nf5 19. Bd3 Ne3 20. Ke2 Nf5 21.
g4 Nd6 22. Ke3 f5 23. Nc4 e5 24. fxe5 f4+ 25. Kf2 Nxc4 26. Bxc4+ Kf8 27. Rae1
Rd2+ 28. Re2 Rxe2+ 29. Kxe2 Nxe5 30. Bd5 Bxd5 31. Nxd5 g5 32. h3 Rc8 33. c3 Nd7
34. Kf3 Re8 35. b4 Ne5+ 36. Ke4 Nxg4+ 37. Kd4 Ne3 38. Nxe3 Rxe3 39. Rxg5 Rxh3
40. Rf5+ Kg7 41. Rxf4 h5 42. a4 Kg6 43. Re4 Rf3 44. Re7 h4 45. Re6+ Kf5 46. Rh6
h3 47. c4 Kg4 48. Rh7 Ra3 49. Rg7+ Kf3 50. Rxa7 Kg2 51. Rg7+ Rg3 52. Rh7 h2 $5
53. c5 $2 (53. Rxh2+ $5 Kxh2 54. c5 $11) 53... bxc5+ 54. Kxc5 h1=Q $2 $11 (
54... Rh3 $5 55. Rg7+ Kf2 56. Rf7+ Ke2 57. Re7+ Kd2 58. Rd7+ Kc2 $19) 55. Rxh1
Kxh1 56. Kb6 Rb3 57. b5 Kg2 58. a5 Kf3 59. a6 Ke4 60. a7 Ra3 61. Kb7 Kd5 62. b6
Kc5 63. Kc7 Kb5 64. Kb7 Ra6 65. a8=Q Rxa8 66. Kxa8 Kxb6 1/2-1/2

[Event "NZ Junior 2011"]
[Site "?"]
[Date "2011.07.29"]
[Round "7.7"]
[White "Ang, Alphaeus"]
[Black "Zhu, Martin"]
[Result "1-0"]
[WhiteElo "1613"]
[BlackElo "1173"]
[PlyCount "91"]
[EventDate "2011.07.29"]
[SourceDate "2011.07.29"]

1. d4 d5 2. Nc3 Nf6 3. Bf4 Bf5 4. e3 e6 5. Nf3 a6 6. Bd3 Bxd3 7. Qxd3 Bd6 8.
Bxd6 Qxd6 9. O-O O-O 10. e4 Qf4 11. exd5 exd5 12. Qe3 Qxe3 13. fxe3 c6 14. Ne5
Nbd7 15. Nxd7 Nxd7 16. e4 dxe4 17. Nxe4 Nb6 18. Nc5 Rab8 19. a4 Rfd8 20. c3 Nc4
21. b3 Nd2 22. Rfd1 b6 23. Nxa6 Nxb3 24. Nxb8 Nxa1 25. Nxc6 Rd6 26. Rxa1 Rxc6
27. Rc1 g6 28. c4 Kf8 29. Kf2 Ke7 30. Ke3 g5 31. Kd3 f5 32. Re1+ Kf6 33. d5 Rd6
34. Kd4 g4 35. g3 Kg5 36. Re6 Rd7 37. Rxb6 h5 38. Ke5 Re7+ 39. Re6 Ra7 40. c5
Rxa4 41. d6 Ra8 42. d7 Rd8 43. c6 Ra8 44. c7 Ra5+ 45. Kd4 Ra4+ 46. Kc3 {
Black resigns} 1-0

[Event "NZ Junior 2011"]
[Site "?"]
[Date "2011.07.29"]
[Round "7.8"]
[White "Kolev, Hristo"]
[Black "James, Jack"]
[Result "0-1"]
[WhiteElo "1567"]
[BlackElo "1784"]
[PlyCount "46"]
[EventDate "2011.07.29"]
[SourceDate "2011.07.29"]

1. d4 f5 2. e4 d6 3. Bd3 fxe4 4. Bxe4 Nf6 5. Nc3 d5 6. Bd3 Nc6 7. Nf3 Bg4 8.
Be3 e5 9. h3 Bxf3 10. gxf3 exd4 11. Bxd4 Nxd4 12. Bg6+ hxg6 13. Qxd4 Qd7 14.
O-O-O c6 15. Rhe1+ Be7 16. Re5 Kf7 17. Qd3 Bd6 18. Re2 Rxh3 19. Rg1 Qf5 20.
Qxf5 gxf5 21. Nd1 Rxf3 22. Ne3 Re8 23. Rd2 Bf4 {White resigns} 0-1

[Event "NZ Junior 2011"]
[Site "?"]
[Date "2011.07.29"]
[Round "7.9"]
[White "Qin, Joy"]
[Black "Zhu, Leo"]
[Result "0-1"]
[WhiteElo "1251"]
[BlackElo "1625"]
[PlyCount "74"]
[EventDate "2011.07.29"]
[SourceDate "2011.07.29"]

1. e4 c5 2. Nf3 e6 3. d4 cxd4 4. Nxd4 a6 5. Nc3 Qc7 6. a3 Nf6 7. Bd3 Bc5 8. Be3
b5 9. O-O Bb7 10. f4 d6 11. b4 Bxd4 12. Bxd4 e5 13. fxe5 dxe5 14. Bc5 Nbd7 15.
Bxb5 axb5 16. Nxb5 Qc6 17. Nd6+ Kd8 18. Nxf7+ Kc7 19. Nxh8 Nxc5 20. Nf7 Ncxe4
21. c4 Qe6 22. Nxe5 Qxe5 23. Qf3 Nc3 24. Rae1 Qd4+ 25. Qe3 Qxe3+ 26. Rxe3 Rxa3
27. Re7+ Kb8 28. Rxg7 Ne2+ 29. Kh1 Ne4 30. Rg8+ Ka7 31. Rgf8 Nd2 32. Rd1 Nxc4
33. h3 Ra2 34. Rg8 Nf4 35. Rg1 Ne3 36. Rg7 Nexg2 37. R7xg2 Bxg2+ {White resigns
} 0-1

[Event "NZ Junior 2011"]
[Site "?"]
[Date "2011.07.29"]
[Round "7.11"]
[White "Chen, Johnson"]
[Black "Yan, Caroline"]
[Result "1-0"]
[WhiteElo "1511"]
[BlackElo "957"]
[PlyCount "169"]
[EventDate "2011.07.29"]
[SourceDate "2011.07.29"]

1. e4 e5 2. Nf3 Nc6 3. Bb5 d6 4. d4 Bd7 5. d5 Nce7 6. Bd3 Nf6 7. O-O Ng6 8. h3
c6 9. c4 Be7 10. Nc3 O-O 11. Be3 c5 12. Qc2 Qc8 13. Kh2 Nh5 14. Ne2 Bf6 15. Qd2
Qd8 16. Bg5 h6 17. Be3 Qe7 18. Kg1 Nh4 19. Nxh4 Bxh4 20. b3 Qf6 21. Nc3 Qg6 22.
Kh2 f5 23. exf5 Bxf5 24. Bxf5 Rxf5 25. Qc2 Rf6 26. Qxg6 Rxg6 27. Kg1 Rf8 28.
Kh2 b6 29. Nb5 a6 30. Nc7 a5 31. Ne6 Rf7 32. g3 Be7 33. Nc7 Bf6 34. Nb5 Be7 35.
Nc3 Bf6 36. Ne4 Be7 37. Nd2 Nf6 38. Rad1 e4 39. Bf4 Nh5 40. Be3 Nf6 41. h4 Ng4+
42. Kh3 Nxe3 43. fxe3 h5 44. Rxf7 Kxf7 45. Nxe4 Kg8 46. Rf1 Bf6 47. Nxf6+ Rxf6
48. Rxf6 gxf6 49. g4 hxg4+ 50. Kxg4 Kg7 51. Kf5 Kf7 52. h5 Kg7 53. h6+ Kxh6 54.
Kxf6 Kh7 55. Ke6 Kg8 56. Kxd6 Kf8 57. e4 Ke8 58. e5 Kd8 59. Kc6 Ke7 60. Kxb6
Kd7 61. Kxc5 Kd8 62. Kd6 Ke8 63. e6 Kd8 64. Kc6 Ke7 65. d6+ Kd8 66. e7+ Ke8 67.
d7+ Kxe7 68. Kc7 Ke6 69. d8=Q Ke5 70. Qd6+ Kf5 71. Qe7 Kf4 72. Qe6 Kf3 73. Qe5
Kg4 74. Qf6 Kh5 75. Qg7 Kh4 76. Qg6 Kh3 77. Qg5 Kh2 78. Qg4 Kh1 79. Kd6 Kh2 80.
c5 a4 81. b4 a3 82. Ke5 Kh1 83. Kf4 Kh2 84. Kf3 Kh1 85. Qg2# 1-0

[Event "NZ Junior 2011"]
[Site "?"]
[Date "2011.07.29"]
[Round "7.12"]
[White "Wang, George"]
[Black "Zhu, Crystal"]
[Result "1-0"]
[WhiteElo "1485"]
[BlackElo "1155"]
[PlyCount "73"]
[EventDate "2011.07.29"]
[SourceDate "2011.07.29"]

1. e4 e6 2. d4 d5 3. e5 c5 4. c3 Nc6 5. Nf3 Qb6 6. Be2 f6 7. exf6 Nxf6 8. O-O
Bd7 9. b3 cxd4 10. cxd4 Bd6 11. Bb2 Rc8 12. Nbd2 O-O 13. Re1 Nb4 14. Rf1 Rfe8
15. a3 Nc2 16. Ra2 Qa5 17. Qb1 Nxa3 18. Bxa3 Bxa3 19. Qa1 Qb6 20. Rxa3 Rc2 21.
Ra2 Qc6 22. Rxc2 Qxc2 23. Rc1 Qf5 24. Qxa7 Ne4 25. Nxe4 Qxe4 26. Qxb7 Qxe2 27.
Qxd7 Rf8 28. Re1 Qc2 29. Qxe6+ Rf7 30. Qxd5 Qc8 31. Ng5 Qf8 32. Qxf7+ Qxf7 33.
Nxf7 Kxf7 34. d5 Kf6 35. d6 Kg6 36. d7 Kh6 37. d8=Q {Black resigns} 1-0

[Event "NZ Junior 2011"]
[Site "?"]
[Date "2011.07.29"]
[Round "7.13"]
[White "Jiang, Rocky"]
[Black "Fan, Allen"]
[Result "0-1"]
[WhiteElo "1070"]
[BlackElo "1153"]
[PlyCount "74"]
[EventDate "2011.07.29"]
[SourceDate "2011.07.29"]

1. e4 e5 2. Nf3 Nc6 3. d4 Nf6 4. dxe5 Nxe4 5. Bc4 Nc5 6. O-O Be7 7. Qd5 O-O 8.
Be3 Ne6 9. Nc3 a6 10. h3 b5 11. Bd3 Rb8 12. Ne4 Nb4 13. Qb3 c5 14. c4 Bb7 15.
Rab1 h6 16. Ned2 Ba8 17. Be2 Qc7 18. a3 Nc6 19. cxb5 axb5 20. Bxb5 Nxe5 21.
Nxe5 Qxe5 22. a4 Nc7 23. Qd3 d5 24. Nf3 Qf6 25. Qe2 d4 26. Bd2 Bxf3 27. gxf3
Nxb5 28. axb5 Rfe8 29. b4 cxb4 30. Bxb4 Bxb4 31. Qd3 Bd6 32. b6 Qe5 33. f4 Qxf4
34. Qg3 Qxg3+ 35. fxg3 Bxg3 36. Kg2 Bd6 37. Rfd1 Bc5 {White resigns} 0-1

[Event "NZ Junior 2011"]
[Site "?"]
[Date "2011.07.29"]
[Round "7.14"]
[White "Qian, Bella"]
[Black "Timergazi, Layla"]
[Result "0-1"]
[WhiteElo "973"]
[BlackElo "1514"]
[PlyCount "114"]
[EventDate "2011.07.29"]
[SourceDate "2011.07.29"]

1. e4 c6 2. d4 d5 3. Nc3 dxe4 4. Nxe4 Bf5 5. Nc3 Nf6 6. Nf3 Nbd7 7. Bc4 e6 8.
a3 Be7 9. Be3 O-O 10. Qd2 Ne4 11. Nxe4 Bxe4 12. Qe2 Bg6 13. Bd3 Bxd3 14. Qxd3
c5 15. h4 cxd4 16. Bxd4 Bc5 17. Bc3 Nb6 18. Qe4 Qd5 19. Qg4 g6 20. h5 Qf5 21.
hxg6 fxg6 22. Qh4 Rf7 23. O-O-O Qf4+ 24. Qxf4 Rxf4 25. Bd4 Bxd4 26. Rxd4 Rxd4
27. Nxd4 e5 28. Nf3 Rf8 29. Re1 Nd7 30. c3 Nc5 31. Kb1 e4 32. Ng5 Rxf2 33. Nxe4
Nxe4 34. Rxe4 Rxg2 35. Re7 h5 36. b4 h4 37. Kc1 h3 38. Re1 h2 39. Rh1 Rg1+ 40.
Rxg1 hxg1=Q+ 41. Kb2 Qf2+ 42. Kb3 g5 43. Ka4 g4 44. c4 g3 45. c5 g2 46. Kb5
g1=R 47. Ka4 Qc2+ 48. Kb5 a6+ 49. Kb6 Qh7 50. Ka5 Qc7+ 51. Ka4 Qc6+ 52. Kb3
Rg3+ 53. Kc2 Qa4+ 54. Kd2 Qxa3 55. Ke2 Qa2+ 56. Kf1 Rb3 57. Kg1 Rb1# 0-1